| 000 | 00386pam a2200157a 44500 | ||
|---|---|---|---|
| 008 | 230515b2004 xxu||||| |||| 00| 0 eng d | ||
| 020 | _aNULL | ||
| 041 | _aENGLISH | ||
| 082 | _a618.92 ARV | ||
| 100 | _aARVIND R. | ||
| 245 | _aCRITICAL CARE IN PAEDIATRICS | ||
| 250 | _a1 | ||
| 260 |
_aNEW DELHI _bJAYPEE BROTHERS _c2004 |
||
| 300 | _a387 | ||
| 650 | _aCRITICAL CARE IN PAEDIATRICS. | ||
| 999 |
_c494636 _d494636 |
||